Catalogue de la Bibliothèque de l'ENSA

Cours de physique (notice nᵒ 34973)

détails MARC
000 -LEADER
fixed length control field 00431nam a2200169 4500
005 - DATE AND TIME OF LATEST TRANSACTION
control field 20221103100003.0
037 ## - SOURCE D'ACQUISITION
Cote BC_460 23/3
040 ## - SOURCE DU CATALOGAGE
Origine cataloguage BC-ENSA
Langue du catalogage fre
041 ## - CODE DE LANGUE
Langue Français
Langue du résumé Français
100 ## - VEDETTE PRINCIPALE - AUTEUR PRINCIPAL
Auteur MOUSSA, A. / PONSONNET, P.
245 ## - MENTION DU TITRE
Titre Cours de physique
260 ## - PUBLICATION, DIFFUSION, ETC. (ADRESSE BIBLIOGRAPHIQUE)
Lieu d'édition Lyon
Nom de l'éditeur Desvigne
Année d'édition 1968
300 ## - DESCRIPTION MATÉRIELLE
Illustration ll.
562 ## - NOTE D'IDENTIFICATION DES EXEMPLAIRES ET VERSIONS
Numbre d' exemplaire 01 exemplaire(s)
942 ## - ADDED ENTRY ELEMENTS (KOHA)
Type document Ouvrage
650 ## - DESCRIPTEURS
Agrovoc COURS/ ELECTROSTATIQUE/ ELECTROCINETIQUE/PHYSIQUE/ELECTRICITE
Exemplaires
statut de retrait Statut emplacement permanent Localisation actuelle emplacement rayonnages Cote code à barre Koha type d'élément
    Bibliothèque Centrale Bibliothèque Centrale Magasin sous sol BC_460 23/3 BC_460 23/3 Ouvrage

Adresse: Ecole Nationale Supérieure Agronomique Hassen Badi - El Harrach Alger, Algérie

Tél +213 (0) 23 82 85 07+213 (0) 23 82 85 12 Fax +213 23 82 85 03/04 Courriel: bibliotheque@edu.ensa.dz